000
00310nam a2200109Ia 4500
100
_a
#N/A
942
_c
BK
654
_a
450 mb java/ diskeeper 9/ openoffice.org.1.1.3/ firefox 1.0/ sdk
245
_a
450 MB Java/ Diskeeper 9/ Open office .org 1.1.3/ Firefox 1.0/ SDK
260
_b
#N/A
_c
2004
546
_a
ENGLISH
999
_c
20205
_d
20205